A Crooked Quiz - Statistics

General Stats
  • This quiz has been taken 1,093 times
  • The average score is 16 of 27
Answer Stats
Hint Answer % Correct
Complete the title of this classic 60s movie: Easy ----- A
93%
Presidents practice the art of -------- Sin
88%
Is Mexico in North America or South America? Yes
87%
The band who had a hit with Mr Brightside are called: --- Killers Cereal
84%
According to current science the universe probably began with this North America
79%
Hamlet's tortured monologue: To be, or not to be, ---- -- --- -------- Easy!
75%
What do people take silly quizzes like this for? That is the question
75%
When at your table you sit on your ----- Ass
74%
Complete the first line from John in the Bible: In the beginning was the ---- Big Bang
72%
What is the first word in The Dictionary? The
69%
Gluttony, Greed and Lust are examples of --- Fun
66%
What is another word for donkey? Hoarse
64%
Name the male lead of the film Moonstruck Chair
63%
How should British royal staff refer to their King in the third person? Hymn
62%
Complete the name of the Beatles song: Hello ------- Sailor
60%
Kanye West sometimes calls himself ----- His Majesty
58%
A song of worship sung in a church Africa
55%
Everyone following the crowd like sheep is known as ---- mentality Average
55%
Someone who works on a boat is called a ------ Portman
55%
What might your voice be after shouting? Herd
53%
What might I eat with milk for breakfast? Migraines
45%
What is the best response to "Will you marry me?" Goodbye
42%
Who starred in the film Black Swan? Rider
40%
Mean, Median and Mode are all types of ------- Word
36%
Chronic headaches are the main symptom of --------- Politics
33%
Most lions live in A----- Cage
27%
If something isn't hard it is ---- Yeezy
26%
No matching quizzes found
Score Distribution
Percent of People with Each Score
Percentile by Number Answered
Your Score History
You have not taken this quiz